| 000 | 00481nam a2200169 4500 | ||
|---|---|---|---|
| 003 | LK-CoMWRAF | ||
| 005 | 20240217002313.0 | ||
| 008 | 231208b |||||||| |||| 00| 0 eng d | ||
| 040 |
_aLK-CoMWRAF _dLK-CoMWRAF _eLK-CoMWRAF |
||
| 041 | _atam | ||
| 082 |
_a300 _bCEY |
||
| 100 | _aஸெயஂனஂ, கலாநிதி றவூபஂ | ||
| 245 | _aமதாஉ | ||
| 260 |
_aColombo : _bMuslim Women's Research and Action Forum - MWRAF, _c2021 |
||
| 300 | _a10 p. | ||
| 942 | _cBK | ||
| 999 |
_c4314 _d4314 |
||